000 00608nam a2200205Ii 4500
003 JO-AjNU
008 230606s9999||||xx |||||||||||||| ||und||
020 _a9957-434-04-7
040 _aJO-AjNU
_beng
_erda
_cJO-AjNU
041 _aeng
050 1 4 _aHF1584.3.S33 2002
100 3 _a Sahawneh, Mohannad,
_eauthor
_95594
245 0 0 _aE-Commerce: the jordanian experience
264 3 1 _aAmman : Royal Scientific Society,2002
300 _a80P
336 _atext
_btxt
_2rdacontent
337 _aunmediated
_bn
_2rdamedia
338 _avolume
_bnc
_2rdacarrier
650 4 _aElectronic commerce - Jordan
_95595
999 _aE2895
_c2893
_d2893